"Erdélyi elégia.
Elmentve itt :
| Szerző: | |
|---|---|
| Adatforrás: | Meister |
| Forrásdokumentuma: | A Hét. - 29 sz., 1998, 8 p. |
| Nyelv: | magyar |
| Kulcsszavak: | zenetörténet művelődéstörténet kulturális intézmények erdélyi művészet erdélyi zeneszerzők magyar-román kapcsolatok Erdély BARTÓK Béla DIMA George RICHTER Paul TODUTA Sigismund |
| LEADER | 00648nab a2200241 i 4500 | ||
|---|---|---|---|
| 001 | bibPRO00007556 | ||
| 008 | 060524s1998 xx hun | ||
| 040 | |a Sz1 | ||
| 041 | |a hun | ||
| 100 | 1 | |a LÁSZLÓ Ferenc | |
| 245 | 1 | 1 | |a "Erdélyi elégia. |c LÁSZLÓ Ferenc |
| 695 | |a zenetörténet | ||
| 695 | |a művelődéstörténet | ||
| 695 | |a kulturális intézmények | ||
| 695 | |a erdélyi művészet | ||
| 695 | |a erdélyi zeneszerzők | ||
| 695 | |a magyar-román kapcsolatok | ||
| 695 | |a Erdély | ||
| 695 | |a BARTÓK Béla | ||
| 695 | |a DIMA George | ||
| 695 | |a RICHTER Paul | ||
| 695 | |a TODUTA Sigismund | ||
| 773 | 0 | |t A Hét. - |g 29 sz., 1998, 8 p. | |